Guia de requisitos para la instalacion de plantas industriales en zonas francas de Costa Rica

Saved in:
Bibliographic Details
Main Author: Barrantes Bonilla, Juan Luis
Format: Thesis Book
Language:Undetermined
Published: 2002
Subjects:
Tags: Add Tag
No Tags, Be the first to tag this record!

MARC

LEADER 00000nam a2200000Ia 4500
001 8992
008 140114s9999 xx 000 0 und d
100 |a Barrantes Bonilla, Juan Luis 
245 |a Guia de requisitos para la instalacion de plantas industriales en zonas francas de Costa Rica 
260 |c 2002 
500 |a NULL 
502 |a Escuela de ingenieria Quimica 
650 |z PLANTAS INDUSTRIALES 
999 |c 12596  |d 12596